NBER International seminar on macroeconomics 2005 (Record no. 147555)
[ view plain ]
| 000 -LEADER | |
|---|---|
| fixed length control field | 01713nam a2200385Ia 4500 |
| 245 10 - TITLE STATEMENT | |
| Title | NBER International seminar on macroeconomics 2005 |
| 260 ## - PUBLICATION, DISTRIBUTION, ETC. (IMPRINT) | |
| Place of publication | Cambridge, Mass. ; |
| -- | London : |
| Name of publisher | MIT Press, |
| Year of publication | c2007. |
| 300 ## - PHYSICAL DESCRIPTION | |
| Number of Pages | xvii, 402 p. |
| 500 ## - GENERAL NOTE | |
| General note | "This volumes contains a selection of the papers originally presented at the 28th International Seminar on Macroeconomics, which took place in Budapest on June 17-18, 2005."--introd. |
| 650 #0 - SUBJECT ADDED ENTRY--TOPICAL TERM | |
| Topical Term | Macroeconomics |
| Topical Term | Monetary policy |
| Topical Term | Fiscal policy |
| 700 1# - ADDED ENTRY--PERSONAL NAME | |
| Personal name | Frankel, Jeffrey A. |
| Personal name | Pissarides, Christopher A. |
| 856 40 - ELECTRONIC LOCATION AND ACCESS | |
| Uniform Resource Identifier | http://site.ebrary.com/lib/rucke/Doc?id=10190469 |
No items available.
